Streaming Services By Logo Quiz - Statistics

General Stats
  • This quiz has been taken 362 times
  • The average score is 8 of 12
Answer Stats
Picture Answer % Correct
Apple TV+
98%
Netflix
94%
Amazon Prime Video
93%
Paramount Plus
93%
Disney Plus
91%
Hulu
75%
Peacock
70%
Discovery +
61%
Max
51%
YouTube Premium
50%
Curiosity Stream
12%
Lionsgate+
12%
No matching quizzes found
Score Distribution
Percent of People with Each Score
Percentile by Number Answered
Your Score History
You have not taken this quiz